|
|
|
|
| LEADER |
00894cam a22002657a 4500 |
| 001 |
AAL7706 |
| 003 |
BD-DhAAL |
| 005 |
20160423184640.0 |
| 008 |
160423s1990 ii 000 1 eng |
| 010 |
|
|
|a 91900714
|
| 020 |
|
|
|a 0140130586 :
|c Rs65.00
|
| 040 |
|
|
|a DLC
|c DLC
|d DLC
|d BD-DhAAL
|
| 050 |
0 |
0 |
|a MLCS 91/11430 (P)
|
| 082 |
|
|
|a 823
|
| 100 |
1 |
|
|a Sreenivasan, Kasthuri.
|9 19215
|
| 245 |
1 |
4 |
|a The light from heaven /
|c Kasthuri Sreenivasan.
|
| 260 |
|
|
|a New Delhi, India ;
|a New York, N.Y., U.S.A. :
|b Penguin Books,
|c 1990.
|
| 300 |
|
|
|a 162 p. ;
|c 21 cm.
|
| 500 |
|
|
|a Novel.
|
| 541 |
|
|
|e 7706
|
| 651 |
|
0 |
|a India
|x Fiction.
|9 19216
|
| 852 |
|
|
|a Savar Campus Library
|c General Shelf
|
| 942 |
|
|
|2 ddc
|c BK
|
| 999 |
|
|
|c 37468
|d 37468
|
| 952 |
|
|
|0 0
|1 0
|2 ddc
|4 0
|6 823_000000000000000_SRE
|7 0
|9 58826
|a SCL
|b SCL
|c GEN
|d 2016-04-23
|e Gift:
|l 14
|m 54
|o 823 SRE
|p 3020007706
|r 2026-02-07
|s 2026-02-03
|t 1
|w 2016-04-23
|y BK
|